Normal view
MARC view
- Monahan, John F
Entry Personal Name
001 - CONTROL NUMBER
- control field: 63005
003 - CONTROL NUMBER IDENTIFIER
- control field: NUST
005 - DATE AND TIME OF LATEST TRANSACTION
- control field: 20210628203039.0
008 - FIXED-LENGTH DATA ELEMENTS
- fixed length control field: 210628|| aca||aabn | a|a d
040 ## - CATALOGING SOURCE
- Original cataloging agency: NUST
- Transcribing agency: NUST
100 ## - HEADING--PERSONAL NAME
- Personal name: Monahan, John F
670 ## - SOURCE DATA FOUND
- Source citation: Work cat.: (NUST): Monahan, John F, Numerical methods of statistics, 2001
